000 02440nam0a2200397 4500
001 RU\NLR\BIBL_A\012813943
005 20220907133518.0
010 _a978-5-17-146827-9
_93000
021 _aRU
_bКН-П-22-016364
_9КН-П-22-1408
021 _aRU
_bКН-П-24-064093
_9КН-П-24-6370
035 _a(NLR Aleph) 012813943
035 _a(RuMoRGB)011010251
090 _a13217245
_c13217245
100 _a20220608d2022 d y0rusy50 ca
101 0 _arus
102 _aRU
105 _aa z 000zy
181 0 _ai3
_baxxe
181 0 _ab2
_bxb2e
182 0 _an
200 1 _aГеография для любознательных
_eдля среднего школьного возраста
_fР. Баландин
203 _aТекст
_aИзображение
_bвизуальные
_cнепосредственные
210 _aМосква
_cАванта
_cАСТ
_d2022
215 _a234, [3] с.
_cил., табл.
_d22
225 1 _aПростая наука для детей
300 _aАвт. указан на обороте тит. с. в макете
330 _aКнига советского геолога и гидрогеолога Рудольфа Константиновича Баландина <География для любознательных> познакомит читателя с целым комплексом наук, изучающих природу, климат, рельеф Земного шара. Вы узнаете о подвигах землепроходцах, осваивающих территорию Сибири, о полезных ископаемых, хранящихся в недрах земли, о том, почему возникали горы и равнины, почему Южный полюс холоднее Северного, что такое техногенный ландшафт, как добиться процветания своей страны и еще о многом другом
333 _a0+; 6-
606 1 _aЗанимательная география
_jИздания для детей
_2nlr_sh1
_2nlr_sh2
_3RU\NLR\AUTH\66264623
686 0 _aШ9
_bД8
700 1 _aБаландин
_bР. К.
_f1934-
_gРудольф Константинович
_3RU\NLR\AUTH\773431
942 _cBOOK
980 _aNB